MDQL
is popping MORE tags! Check the
thread
!
Quizzes
Events
Quiz Creation
Community
Videos
Private Events
Remove Ads
Sign In
Join for FREE
Feedback
Dark Mode
Quiz Categories
Sports
Geography
Music
Movies
Television
Just For Fun
Miscellaneous
History
Literature
Language
Science
Gaming
Entertainment
Religion
Holiday
For Kids
Quiz Lab
Recent
Popular Today
Quiz Kudos Today
Editor Picks
Curator Picks
Quizzes by...
Day
Popularity
Type
Ratings
Length
Year
Community
Subscriptions
Recent Discussions
Orange Saloon
Badges
Playlists
Quests
Create
Leaderboards
Showdown
Live 5
Trivia Bingo
Activity
Puzzle Library
Sporcle Events
Private Events
Virtual Trivia
Globe League
Become a Host
Pub Owners
SporcleCon
Opinionation
Our Games
Videos
Blog
Mobile Apps
Partnerships
Remove Ads and Go Orange
Feedback
Music
Pop Music
The Beatles
Song
Album
Lyrics
Bands
Singers
Artist
Clip
Rock
Rap
Classical
Billboard
Country Music
Kpop
Taylor Swift
Music
Pop Music
The Beatles
Song
Album
Lyrics
Bands
Singers
Artist
Clip
Rock
Rap
Classical
Billboard
Country Music
Kpop
Taylor Swift
Random Quiz
Search Sporcle
×
Editor Pick
Editor Pick
Music
Billboard
Type in answers that appear in a list
Type in answers that appear in a list
Classic
Best Score? Go Orange.
Top 25 Country Artists 1985-2010 Stats
Can you name the top 25 Billboard country artists of the last 25 years?
By
jamesj0324
5m
25 Questions
1,873 Plays
1,873 Plays
1,873 Plays
Comments
Comments
Give Quiz Kudos
Give Quiz Kudos
-
- Ratings
hide this ad
More Info
Replay
Link that replays current quiz
Next Quiz
Link to next quiz in quiz playlist
You Got
0%
They Got
Avg Score
54%
Avg Friend Score
Upgrade to see
Score Distribution
Jump to the score distribution portion of the page
Score
0/25
Timer
05:00
0
Plays Today
Rank
Artist
% Correct
#2
Garth Brooks
87%
#4
Alan Jackson
81.7%
#7
Toby Keith
77.9%
#5
Tim McGraw
73.9%
#16
Faith Hill
73.9%
#1
George Strait
72.1%
#10
Brooks & Dunn
65.3%
#9
Alabama
64%
#8
Kenny Chesney
59.3%
#20
Brad Paisley
58.9%
#13
Hank Williams Jr.
58.7%
#14
Shania Twain
54.7%
#3
Reba McEntire
52.5%
Rank
Artist
% Correct
#25
LeAnn Rimes
52.5%
#11
Rascal Flatts
51%
#6
Randy Travis
48.8%
#23
Martina McBride
47.2%
#19
Keith Urban
45.1%
#15
The Judds
44.1%
#18
Dixie Chicks
42.7%
#12
Clint Black
38.6%
#24
Travis Tritt
37.8%
#22
Dwight Yoakam
33.6%
#17
Vince Gill
31.5%
#21
Ricky Van Shelton
11.4%
Quiz Playlist
Details
Report
Send in Message
Add To Playlist
More Info:
Based on actual performance on the weekly Hot Country Songs and Top Country Albums charts from January 5, 1985 to May 29, 2010.
Classic:
Type in answers that appear in a list
Quiz Source
Last Updated: Aug 22, 2017
Editor Pick in
Music
Quiz Scoreboard
CHALLENGE
Sign Up to Join the Scoreboard
Show All
Scores
Hide
Comments
May contain spoilers
Recently Published
Holiday 10x10 Sorting Gallery
by lukepisani3
Holiday
15m
Two Season TV Shows II
by 123Four
Television
10m
Image Sorting: Flags VI
by Barbecue
Geography
2m
More to Explore
Quiz From the Vault
Featured Blog Post
14 Easter Pick-up Lines to Find Eggs With
hide this ad
You Might Also Like...
Tags
Artist Quiz
Billboard Quiz
Country Quiz
last
Today's Top Quizzes in Music
Browse Music
hide this ad
Today's Top Quizzes in Billboard
Browse Billboard
Top Contributed Quizzes in Music
1
5X2 Blitz: Bands II
2
Taylor Swift All Songs (2024)
3
5X2 Blitz: The Beatles
4
5X2 Blitz: Billboard
5
Music Artist by Three 2010s hits
6
5X2 Blitz: Billboard II
7
Singers Born in the 1930s
8
5X2 Blitz: Album
9
5X2 Blitz: Rock
10
5X2 Blitz: Singers
Explore More
Trending Topics
Crossword
Kpop
NBA
Anime
Marvel
Harry Potter
Disney
Puzzle
Pokémon
Soccer
NFL
The Office
WWE
Song
Country
hide this ad
More By:
jamesj0324
Quiz
Plays
Rating
Category
Featured
Created
Billboard #1 Songs by Initials
143,822
4.28
Music
Jan 8, 2010
Rhymes with 'Tough'
89,830
4.23
Language
Jan 2, 2014
Presidential Surnames as Popular First Names
55,124
4.69
History
May 2, 2016
Famous TV Dogs
50,507
4.16
Television
Feb 17, 2010
Words on a US Dollar Bill
47,289
4.55
Miscellaneous
Mar 27, 2010
Go to Creator's Profile
Score Distribution
Quiz Creator Spotlight
jamesj0324
Follow
Send a Message
Quizzes Created
-
Created Quiz Play Count
-
More By This Creator
Popular Quizzes Today
1
Find the US States - No Outlines Minefield
2
Colored Red Africa Blitz
3
Find the 'City' Movie
4
The Countries of the World
5
Find the US States
6
5x2 Blitz: Bands
7
Find the Countries of Europe - No Outlines Minefield
8
US States
More Music Quizzes
Musicians Who Died in Their Sixties
Editor's Pick
Trending Quizzes
Colored Red Europe Blitz I
Colored Red Europe Blitz II
Colored Red Africa Blitz II
Colored Red Africa Blitz III
Colored Red Europe Blitz III
Recently Updated
Odd Team Out - Big 4 Players
pecheneg
Quick Pick: 20 Twenties
pecheneg
March Madness Men's Triple Doubles
pecheneg
How Do You Spell That?
pecheneg
Godzilla Movies
pecheneg
Grab Bag: 4-10 Letters
pecheneg
2024 March Madness Bracket
pecheneg
Famous TV Couples
Peacemaker
Champions League XIs: Real Madrid
pecheneg
Largest US Cities 1790-2010
pecheneg
Trending Topics
NBA
Crossword
Harry Potter
Anime
Kpop
Disney
Marvel
WWE
Country
Song
Puzzle
NFL
Soccer
The Office
Pokémon
Your Account Isn't Verified!
In order to create a playlist on Sporcle, you need to verify the email address you used during registration. Go to your
Sporcle Settings
to finish the process.
Report this User
Report this user for behavior that violates our
Community Guidelines
.
Details:
Send Report
Go to the Sporcle.com Mobile Site →
Comments